[Event "Rated Blitz game"]
[Site "?"]
[Date "2021.05.19"]
[Round "?"]
[White "Chess289"]
[Black "KinzyabulatovRenat"]
[Result "1-0"]
[WhiteElo "2501"]
[BlackElo "2403"]
[PlyCount "117"]
[EventDate "2021.??.??"]
[EventType "blitz"]

1. e4 e5 2. Nf3 d5 3. Nxe5 Bd6 4. d4 dxe4 5. Nc3 Bxe5 6. dxe5 Qxd1+ 7. Nxd1 Nc6
8. Bb5 Bd7 9. Nc3 O-O-O 10. Bf4 Nge7 11. O-O-O Ng6 12. Bg3 h5 13. h3 h4 14. Bh2
Ncxe5 15. Bxd7+ Rxd7 16. Rxd7 Nxd7 17. Nxe4 Re8 18. f3 f5 19. Nc3 Nb6 20. b3 a6
21. a4 Re3 22. Kd2 f4 23. Re1 Rxe1 24. Kxe1 Kd7 25. Ke2 Ke6 26. Kd3 Ke5 27. Bg1
Kf5 28. Bd4 Ne5+ 29. Ke2 Nbd7 30. Ne4 g5 31. c4 b6 32. c5 Nc6 33. Bf2 b5 34.
axb5 axb5 35. Kd3 Nde5+ 36. Kc3 Nf7 37. b4 Ke6 38. Kb3 Kd5 39. Nc3+ Ke5 40.
Nxb5 g4 41. hxg4 h3 42. gxh3 Ng5 43. h4 Nxf3 44. h5 Nh2 45. h6 Kf6 46. g5+ Kg6
47. Nd4 Ng4 48. Nxc6 Nxf2 49. Ne5+ Kh7 50. b5 Ne4 51. Kc4 Nxg5 52. b6 cxb6 53.
cxb6 Nf7 54. Nxf7 Kg6 55. Ne5+ Kxh6 56. b7 Kg5 57. Kd4 f3 58. Nxf3+ Kf4 59.
b8=Q+ {Time forfeit} 1-0

[Event "Rated Blitz game"]
[Site "?"]
[Date "2021.05.19"]
[Round "?"]
[White "mezat"]
[Black "annaly1979"]
[Result "1-0"]
[WhiteElo "2544"]
[BlackElo "2368"]
[PlyCount "39"]
[EventDate "2021.??.??"]
[EventType "blitz"]

1. e4 e5 2. Nf3 d5 3. exd5 e4 4. Ne5 Bd6 5. d4 Nf6 6. Nc3 h6 7. Bf4 O-O 8. Bc4
Nbd7 9. Bb3 Nxe5 10. dxe5 Bxe5 11. Bxe5 Ng4 12. Bg3 e3 13. O-O exf2+ 14. Bxf2
Qd6 15. Bg3 Qc5+ 16. Kh1 Ne3 17. Bf2 Nxd1 18. Bxc5 Nxc3 19. Bxf8 Kxf8 20. bxc3
{Normal} 1-0

[Event "Rated Blitz game"]
[Site "?"]
[Date "2021.05.19"]
[Round "?"]
[White "Cor64"]
[Black "annaly1979"]
[Result "1-0"]
[WhiteElo "2560"]
[BlackElo "2371"]
[PlyCount "77"]
[EventDate "2021.??.??"]
[EventType "blitz"]

1. e4 e5 2. Nf3 d5 3. exd5 e4 4. Ne5 Bd6 5. d4 Nf6 6. Nc3 h6 7. Bf4 O-O 8. Be2
Nbd7 9. Qd2 Re8 10. Nxd7 Bxd7 11. Bxd6 cxd6 12. O-O a6 13. a4 Rc8 14. a5 Nh7
15. Nd1 f5 16. f4 Qf6 17. Ne3 Kh8 18. c4 g5 19. b4 Rg8 20. Rf2 gxf4 21. Rxf4
Qg5 22. Raf1 Rcf8 23. c5 Nf6 24. R1f2 Bb5 25. Rxf5 Qg7 26. Bxb5 axb5 27. h3 Nd7
28. Rxf8 Rxf8 29. Rxf8+ Qxf8 30. c6 Nf6 31. Qf2 Qd8 32. c7 Qxc7 33. Qxf6+ Kh7
34. Nf5 Qc1+ 35. Kh2 Qg5 36. Qxg5 hxg5 37. Kg1 Kg6 38. g4 Kf6 39. Kf2 {Normal}
1-0

[Event "Rated Blitz game"]
[Site "?"]
[Date "2021.05.19"]
[Round "?"]
[White "Fx_Pro"]
[Black "magos33"]
[Result "0-1"]
[WhiteElo "2297"]
[BlackElo "2405"]
[PlyCount "74"]
[EventDate "2021.??.??"]
[EventType "blitz"]

1. e4 e5 2. Nf3 d5 3. exd5 e4 4. Qe2 Nf6 5. Nc3 Be7 6. Nxe4 O-O 7. d4 Re8 8.
Nxf6+ Bxf6 9. Be3 Qxd5 10. c4 Qh5 11. O-O-O Nc6 12. a3 Bg4 13. h3 Rad8 14. d5
Bxf3 15. Qxf3 Qxf3 16. gxf3 Ne5 17. f4 Nd7 18. Bg2 b6 19. Kc2 a5 20. h4 a4 21.
h5 Nc5 22. Bxc5 bxc5 23. h6 Re2+ 24. Rd2 Rxd2+ 25. Kxd2 Bxb2 26. hxg7 Kxg7 27.
Rb1 Bxa3 28. Ra1 Bb4+ 29. Kd3 a3 30. Be4 h6 31. Rg1+ Kf6 32. f3 h5 33. Kc2 h4
34. Kb3 h3 35. Rh1 Rh8 36. Rh2 Rh4 37. f5 Ke5 {Normal} 0-1

[Event "Rated Blitz game"]
[Site "?"]
[Date "2021.05.19"]
[Round "?"]
[White "noeljayESTACIO_101"]
[Black "ahoramahora"]
[Result "1-0"]
[WhiteElo "2453"]
[BlackElo "2354"]
[PlyCount "53"]
[EventDate "2021.??.??"]
[EventType "blitz"]

1. e4 e5 2. Nf3 d5 3. d4 dxe4 4. Nxe5 Nd7 5. Nc4 Ngf6 6. Nc3 Bb4 7. Bg5 h6 8.
Bd2 O-O 9. Nxe4 Re8 10. Bxb4 Nxe4 11. Be2 Nb6 12. Nxb6 axb6 13. O-O Qh4 14. g3
Qh3 15. Bf3 Ng5 16. Bg2 Qf5 17. Re1 Bd7 18. Qd3 Qg4 19. Rxe8+ Rxe8 20. Re1
Rxe1+ 21. Bxe1 Nh3+ 22. Kf1 Qg5 23. Bd2 Qb5 24. Qxb5 Bxb5+ 25. Ke1 Ng1 26. Bxb7
Ne2 27. c3 {Normal} 1-0

[Event "Rated Blitz game"]
[Site "?"]
[Date "2021.05.19"]
[Round "?"]
[White "Jero_el_siniestro"]
[Black "emiliofelixramirez"]
[Result "1-0"]
[WhiteElo "2427"]
[BlackElo "2499"]
[PlyCount "69"]
[EventDate "2021.??.??"]
[EventType "blitz"]

1. e4 e5 2. Nf3 d5 3. exd5 e4 4. Ng1 Qxd5 5. Nc3 Qe5 6. d3 exd3+ 7. Be3 dxc2 8.
Qxc2 Bf5 9. Qb3 Bc5 10. Nf3 Qe7 11. Qb5+ Nd7 12. Nd5 Qd6 13. Qxb7 Rd8 14. O-O-O
Bxe3+ 15. fxe3 Qc5+ 16. Nc3 Ne7 17. Nd4 Bg6 18. Bd3 O-O 19. Bxg6 hxg6 20. Rhe1
Ne5 21. Qe4 Rb8 22. Nb3 Rxb3 23. axb3 Rb8 24. Qd4 Qa5 25. Kc2 Nf5 26. Qd5 Qb4
27. e4 Nd6 28. Qxe5 Qxb3+ 29. Kd3 Qc4+ 30. Ke3 Rxb2 31. Nd5 Rb3+ 32. Kf2 Qc2+
33. Kg1 Rb2 34. Qg3 Nxe4 35. Ne7+ {Normal} 1-0

[Event "Titled Tuesday 18th May"]
[Site "chess.com INT"]
[Date "2021.05.18"]
[Round "4"]
[White "Orozbaev, Eldiar"]
[Black "Christensen, Thom2"]
[Result "1-0"]
[WhiteElo "2084"]
[BlackElo "2154"]
[PlyCount "37"]
[EventDate "2021.05.18"]
[SourceTitle "The Week in Chess 1385"]
[Source "Mark Crowther"]
[SourceDate "2021.05.24"]
[SourceVersion "1"]
[SourceVersionDate "2021.05.24"]
[SourceQuality "2"]

1. e4 e5 2. Nf3 d5 3. Nxe5 Bd6 4. d4 dxe4 5. Nc4 Ne7 6. Nc3 f5 7. Bg5 O-O 8.
Qd2 Be6 9. d5 Bf7 10. O-O-O Nd7 11. Nxd6 cxd6 12. h4 Ne5 13. h5 h6 14. Bh4 a6
15. Rh3 b5 16. Rg3 Kh8 17. Bf6 Ng4 18. Rxg4 fxg4 19. Qxh6+ 1-0

[Event "Titled Tuesday 18th May"]
[Site "chess.com INT"]
[Date "2021.05.18"]
[Round "2"]
[White "Boyer, Mahel"]
[Black "Christensen, Thom2"]
[Result "1-0"]
[WhiteElo "2394"]
[BlackElo "2154"]
[PlyCount "95"]
[EventDate "2021.05.18"]
[SourceTitle "The Week in Chess 1385"]
[Source "Mark Crowther"]
[SourceDate "2021.05.24"]
[SourceVersion "1"]
[SourceVersionDate "2021.05.24"]
[SourceQuality "2"]

1. e4 e5 2. Nf3 d5 3. exd5 e4 4. Qe2 Nf6 5. d3 Qxd5 6. Nbd2 Be7 7. dxe4 Qh5 8.
e5 Nd5 9. Ne4 Bg4 10. Ng3 Bxf3 11. Qb5+ c6 12. Nxh5 cxb5 13. Bxb5+ Nd7 14. gxf3
O-O-O 15. f4 g6 16. Ng3 Nb4 17. O-O Nxc2 18. Rb1 Nd4 19. Bc4 Nb6 20. Bxf7 Rdf8
21. e6 h5 22. Be3 Nc6 23. Rbc1 Kc7 24. Bxg6 h4 25. f5 hxg3 26. hxg3 Bf6 27.
Bf4+ Be5 28. Rfd1 Bxf4 29. gxf4 Rd8 30. f6 Rxd1+ 31. Rxd1 Rg8 32. f5 Ne5 33. f7
Nxf7 34. exf7 Rf8 35. Kg2 Nc8 36. Kf3 Nd6 37. Kf4 Nxf7 38. Bxf7 Rxf7 39. Rd2
Kc6 40. Kg5 Rg7+ 41. Kf6 Rg8 42. Kf7 Rg4 43. f6 Rf4 44. Ke7 Re4+ 45. Kf8 Rf4
46. f7 b5 47. Re2 b4 48. Ke8 1-0

[Event "Rated Blitz game"]
[Site "?"]
[Date "2021.05.18"]
[Round "?"]
[White "MityshevS"]
[Black "anjaya01"]
[Result "0-1"]
[WhiteElo "2353"]
[BlackElo "2420"]
[PlyCount "40"]
[EventDate "2021.??.??"]
[EventType "blitz"]

1. e4 e5 2. Nf3 d5 3. Nc3 Bd6 4. Nxd5 f5 5. d3 Nf6 6. c4 O-O 7. Be2 Nc6 8. Bg5
f4 9. Qd2 Bg4 10. h3 Bxf3 11. gxf3 h6 12. Bh4 g5 13. Rg1 Kh7 14. Bxg5 hxg5 15.
Rxg5 Rg8 16. Nxf6+ Qxf6 17. Rg4 Rxg4 18. hxg4 Nd4 19. O-O-O a5 20. Kb1 Bb4 {
Normal} 0-1

[Event "Rated Blitz game"]
[Site "?"]
[Date "2021.05.18"]
[Round "?"]
[White "tuzlukov_daniil"]
[Black "Din-don-dan"]
[Result "1-0"]
[WhiteElo "2415"]
[BlackElo "2356"]
[PlyCount "101"]
[EventDate "2021.??.??"]
[EventType "blitz"]

1. e4 e5 2. Nf3 d5 3. d4 Nf6 4. Nxe5 Nxe4 5. Bd3 Bd6 6. O-O O-O 7. c4 c6 8. Nc3
Nxc3 9. bxc3 Nd7 10. Qh5 Nf6 11. Qh4 Ne4 12. Qxd8 Rxd8 13. Bb2 Bxe5 14. dxe5
Nd2 15. Rfd1 Nxc4 16. Bxc4 Be6 17. Bb3 b5 18. h3 a6 19. Ba3 h6 20. Bc5 Rdc8 21.
g4 g5 22. Kg2 Kg7 23. Kg3 Kg6 24. Bc2+ Kg7 25. h4 Rh8 26. hxg5 hxg5 27. Be7 Rh4
28. f3 Kh6 29. Bxg5+ Kxg5 30. f4+ Kh6 31. Kxh4 Kg7 32. f5 Bc8 33. Kg5 Bd7 34.
Rh1 Rg8 35. Rh4 Kf8+ 36. Kf4 d4 37. cxd4 c5 38. d5 b4 39. e6 fxe6 40. dxe6 Bc8
41. Rd1 Ke8 42. Ba4+ Kf8 43. Rd8+ Kg7 44. Rxg8+ Kxg8 45. Ke5 c4 46. f6 b3 47.
f7+ Kg7 48. Rh8 Kxh8 49. f8=Q+ Kh7 50. Kf6 Bxe6 51. Qg7# {Normal} 1-0

[Event "Rated Blitz game"]
[Site "?"]
[Date "2021.05.18"]
[Round "?"]
[White "WelshTiger"]
[Black "khalid_ontawar"]
[Result "1/2-1/2"]
[WhiteElo "2475"]
[BlackElo "2399"]
[PlyCount "89"]
[EventDate "2021.??.??"]
[EventType "blitz"]

1. e4 e5 2. Nf3 d5 3. d4 dxe4 4. Nxe5 Be6 5. Bc4 Bxc4 6. Nxc4 Nf6 7. O-O Be7 8.
Nc3 O-O 9. Re1 Nc6 10. d5 Nb4 11. Ne3 Bc5 12. a3 Bxe3 13. axb4 Bxc1 14. Rxc1
Qe7 15. Qd4 Rfd8 16. Rcd1 a5 17. b5 a4 18. Qc4 a3 19. bxa3 Rxa3 20. Nxe4 Nxe4
21. Rxe4 Qd6 22. Qe2 Kf8 23. c4 c6 24. bxc6 bxc6 25. g3 Raa8 26. Red4 c5 27.
Re4 g6 28. Re1 Kg7 29. Qe3 Ra4 30. Rf4 Rda8 31. h4 h5 32. Qc3+ Kg8 33. Rf6 Qd7
34. Rc6 Ra3 35. Qe5 R3a5 36. Rc7 Qg4 37. Qf6 Rf8 38. Ree7 Qd1+ 39. Kg2 Ra1 40.
Qxg6+ Kh8 41. Qh6+ Kg8 42. Qg5+ Kh8 43. Qh6+ Kg8 44. Qg5+ Kh8 45. Qh6+ {Normal}
1/2-1/2

[Event "Rated Blitz game"]
[Site "?"]
[Date "2021.05.18"]
[Round "?"]
[White "Desperado77"]
[Black "khalid_ontawar"]
[Result "1-0"]
[WhiteElo "2532"]
[BlackElo "2434"]
[PlyCount "89"]
[EventDate "2021.??.??"]
[EventType "blitz"]

1. e4 e5 2. Nf3 d5 3. Nc3 dxe4 4. Nxe4 f5 5. Ng3 e4 6. Ne5 Be6 7. d4 Nf6 8. Be2
Nbd7 9. O-O Bd6 10. f4 O-O 11. c4 c6 12. Be3 Qc7 13. a3 Rad8 14. Qc2 g6 15. b4
Bxe5 16. fxe5 Ne8 17. Bg5 Rc8 18. Rad1 b5 19. Kh1 bxc4 20. Bxc4 Bd5 21. Be7 Rf7
22. Bg5 Rf8 23. Ne2 Nb6 24. Ba6 Rb8 25. Nc3 Ng7 26. h3 Ne6 27. Bf6 Rxf6 28.
exf6 Qf7 29. Nxd5 cxd5 30. g4 Qxf6 31. gxf5 gxf5 32. Rg1+ Kh8 33. Qc6 Qh4 34.
Bf1 Qf6 35. a4 Rc8 36. Qd6 Rd8 37. Qc6 Rc8 38. Qb7 Rf8 39. a5 Nc4 40. Bxc4 dxc4
41. d5 Qh4 42. Kh2 Qf4+ 43. Rg3 Rg8 44. Rdg1 Ng5 45. Kh1 {Time forfeit} 1-0

[Event "Rated Rapid game"]
[Site "?"]
[Date "2021.05.18"]
[Round "?"]
[White "YuryKuznetsov"]
[Black "Delyvj"]
[Result "1-0"]
[WhiteElo "2400"]
[BlackElo "2468"]
[PlyCount "55"]
[EventDate "2021.??.??"]
[EventType "rapid"]

1. e4 e5 2. Nf3 d5 3. Nxe5 dxe4 4. d4 exd3 5. Bxd3 Nd7 6. Nxd7 Bxd7 7. O-O Qh4
8. Re1+ Be7 9. Re4 Qf6 10. Nc3 O-O-O 11. Nd5 Qd6 12. c4 Bf6 13. Bf4 Qc6 14.
Nxc7 Bf5 15. Nb5 Qa6 16. Re8 Bxd3 17. Rxd8+ Bxd8 18. Qxd3 Be7 19. Nxa7+ Qxa7
20. Qh3+ f5 21. Qxf5+ Kd8 22. Rd1+ Ke8 23. Qd7+ Kf8 24. Bd6 Qb6 25. Rd5 g6 26.
Bxe7+ Nxe7 27. Rd3 Qc5 28. Rf3+ {Time forfeit} 1-0

[Event "Rated Blitz game"]
[Site "?"]
[Date "2021.05.18"]
[Round "?"]
[White "GoodFellas1903"]
[Black "JellalFernandes"]
[Result "1/2-1/2"]
[WhiteElo "2603"]
[BlackElo "2607"]
[PlyCount "122"]
[EventDate "2021.??.??"]
[EventType "blitz"]

1. e4 e5 2. Nf3 d5 3. exd5 Bd6 4. d4 e4 5. Ne5 Nf6 6. c4 c5 7. dxc6 Nxc6 8.
Nxc6 bxc6 9. Be2 O-O 10. Be3 Rb8 11. b3 Qa5+ 12. Nd2 c5 13. O-O cxd4 14. Bxd4
Rd8 15. Be3 Qe5 16. g3 Bh3 17. Re1 Bc5 18. Qc2 Bxe3 19. fxe3 Qc5 20. Qc3 h5 21.
Nf1 h4 22. Rad1 Qg5 23. Kf2 Bxf1 24. Rxf1 hxg3+ 25. hxg3 Rxd1 26. Rxd1 Qf5+ 27.
Kg2 Ng4 28. Bxg4 Qxg4 29. Rf1 Rd8 30. Rf2 Rd1 31. Qe5 Qh5 32. Qe8+ Kh7 33.
Qxe4+ g6 34. Qh4 Qxh4 35. gxh4 Kg7 36. Kf3 Rh1 37. Re2 Rxh4 38. c5 Rh5 39. Rc2
Re5 40. c6 Re8 41. c7 Rc8 42. Ke4 Kf6 43. Kd5 Ke7 44. Kc6 f6 45. Kb7 Kd7 46.
Rd2+ Ke6 47. Kxc8 Ke5 48. Kb7 f5 49. c8=Q Ke4 50. Qc4+ Kxe3 51. Qd3+ Kf4 52.
Re2 Kg5 53. Qe3+ Kf6 54. Rf2 g5 55. Qf4 gxf4 56. Rxf4 Ke5 57. Rxf5+ Kxf5 58. b4
Ke4 59. b5 Kd4 60. Kxa7 Kc4 61. b6 Kb4 {Time forfeit} 1/2-1/2

[Event "Rated Blitz game"]
[Site "?"]
[Date "2021.05.18"]
[Round "?"]
[White "CXCX83"]
[Black "Erow"]
[Result "0-1"]
[WhiteElo "2706"]
[BlackElo "2730"]
[PlyCount "60"]
[EventDate "2021.??.??"]
[EventType "blitz"]

1. e4 e5 2. Nf3 d5 3. exd5 e4 4. Bb5+ c6 5. O-O cxb5 6. Re1 Nf6 7. d3 Qxd5 8.
Nc3 Qd8 9. Bg5 Be7 10. Nxe4 O-O 11. Bxf6 Bxf6 12. c3 Nc6 13. d4 Bg4 14. d5 Ne5
15. d6 Nxf3+ 16. gxf3 Bh5 17. d7 Be5 18. Qd5 Qc7 19. f4 Bxf4 20. Qxh5 Qxd7 21.
Rad1 Qc7 22. Qg4 Kh8 23. Rd7 Qe5 24. Qd1 Rae8 25. Kf1 Qf5 26. Qd3 Bxh2 27. Rxb7
Qh5 28. Re3 Rd8 29. Qe2 Rd1+ 30. Kg2 Rg1# {Normal} 0-1

[Event "Rated Blitz game"]
[Site "?"]
[Date "2021.05.18"]
[Round "?"]
[White "BraveHeartIndian"]
[Black "anjaya01"]
[Result "0-1"]
[WhiteElo "2547"]
[BlackElo "2424"]
[PlyCount "104"]
[EventDate "2021.??.??"]
[EventType "blitz"]

1. e4 e5 2. Nf3 d5 3. d4 dxe4 4. Nxe5 Bd6 5. Bf4 Qf6 6. Bg3 Nd7 7. Ng4 Qg6 8.
Nc3 Nb6 9. Ne3 f5 10. Bxd6 Qxd6 11. g3 c6 12. Qd2 Ne7 13. O-O-O Be6 14. Kb1
O-O-O 15. b3 Qa3 16. Qc1 Qxc1+ 17. Kxc1 Rd7 18. Ne2 Rhd8 19. Bg2 g6 20. f3 exf3
21. Bxf3 Bd5 22. Nxd5 Nexd5 23. Rhe1 Ne3 24. Rd3 Ng4 25. Bxg4 fxg4 26. Re3 Nd5
27. Re4 h5 28. c4 Nb4 29. Kd2 Rf7 30. a3 Na6 31. Rf4 Rdf8 32. Rxf7 Rxf7 33. Nf4
Rf6 34. Re8+ Kd7 35. Rg8 Nc7 36. Rg7+ Kd8 37. Nxg6 Ne6 38. Rxb7 Rxg6 39. Rxa7
Nxd4 40. b4 Nf3+ 41. Ke3 Nxh2 42. Rh7 Rg5 43. a4 Nf3 44. b5 cxb5 45. cxb5 h4
46. gxh4 Rg6 47. Kf2 g3+ 48. Kg2 Ne1+ 49. Kg1 g2 50. Rf7 Rg4 51. Rf2 Rxh4 52.
Re2 Rh1+ {Normal} 0-1

[Event "Rated Blitz tournament DHuhvYbn"]
[Site "?"]
[Date "2021.05.18"]
[Round "?"]
[White "Karl0choa"]
[Black "cuerosky"]
[Result "1-0"]
[WhiteElo "2585"]
[BlackElo "2250"]
[PlyCount "127"]
[EventDate "2021.??.??"]
[EventType "blitz"]

1. e4 e5 2. Nf3 d5 3. Nc3 dxe4 4. Nxe4 Nf6 5. Nxf6+ Qxf6 6. Bc4 Bd6 7. O-O O-O
8. d3 h6 9. h3 Nc6 10. c3 Bf5 11. Nd2 Qg6 12. Qf3 Rae8 13. Ne4 Be6 14. Bxe6
fxe6 15. Qg3 Qxg3 16. Nxg3 Be7 17. Be3 Rd8 18. Rad1 Bh4 19. Ne4 b6 20. Rd2 Rd7
21. Rfd1 Rfd8 22. Kf1 a5 23. Ke2 Be7 24. a4 Bf8 25. d4 exd4 26. Bxd4 e5 27. Be3
Rxd2+ 28. Rxd2 Rxd2+ 29. Kxd2 Kf7 30. Kd3 Ke6 31. Kc4 Na7 32. b4 axb4 33. cxb4
Be7 34. a5 b5+ 35. Kc3 Nc8 36. a6 c5 37. Nxc5+ Kd5 38. Nb7 Ke4 39. a7 Nxa7 40.
Bxa7 h5 41. Be3 h4 42. Nc5+ Kd5 43. f3 Bf6 44. Ne4 Be7 45. Bg5 Bf8 46. Bxh4 g6
47. Bf2 Be7 48. g4 Ke6 49. h4 Kd5 50. h5 gxh5 51. gxh5 Bf8 52. Be3 Ke6 53. h6
Bg7 54. hxg7 Kf7 55. f4 Kxg7 56. fxe5 Kf7 57. Bd4 Ke6 58. Nc5+ Kd5 59. e6 Kc6
60. Bf6 Kd6 61. e7 Kd5 62. e8=Q Kd6 63. Qxb5 Kd5 64. Qd7# {Normal} 1-0

[Event "Rated Blitz game"]
[Site "?"]
[Date "2021.05.18"]
[Round "?"]
[White "Astrikov_86"]
[Black "Schachelite"]
[Result "0-1"]
[WhiteElo "2324"]
[BlackElo "2418"]
[PlyCount "32"]
[EventDate "2021.??.??"]
[EventType "blitz"]

1. e4 e5 2. Nf3 d5 3. Nxe5 Bd6 4. d4 dxe4 5. Nxf7 Kxf7 6. Bc4+ Be6 7. Qh5+ g6
8. Bxe6+ Kxe6 9. Qb5 b6 10. Nc3 c6 11. d5+ Kd7 12. dxc6+ Nxc6 13. O-O Nf6 14.
Bg5 h6 15. Bxf6 Qxf6 16. Nxe4 Qe5 {Time forfeit} 0-1

[Event "Rated Rapid game"]
[Site "?"]
[Date "2021.05.18"]
[Round "?"]
[White "Dolphin_2012"]
[Black "Delyvj"]
[Result "1-0"]
[WhiteElo "2400"]
[BlackElo "2464"]
[PlyCount "55"]
[EventDate "2021.??.??"]
[EventType "rapid"]

1. e4 e5 2. Nf3 d5 3. exd5 e4 4. Qe2 f5 5. d3 Qxd5 6. Nc3 Bb4 7. Bd2 Bxc3 8.
Bxc3 Ne7 9. dxe4 fxe4 10. Nd2 Bf5 11. g4 Bg6 12. Qe3 b5 13. a4 c6 14. axb5 cxb5
15. Bxg7 Rg8 16. Rxa7 Rxg7 17. Bxb5+ Kf8 18. Qf4+ Rf7 19. Qh6+ Rg7 20. c4 Rxa7
21. cxd5 Ra1+ 22. Ke2 Rxh1 23. Qf4+ Rf7 24. Qxb8+ Kg7 25. d6 Rxh2 26. dxe7
Rfxf2+ 27. Ke3 Rxd2 28. Qf8# {Normal} 1-0

[Event "Rated Rapid game"]
[Site "?"]
[Date "2021.05.18"]
[Round "?"]
[White "BombaLeila"]
[Black "Delyvj"]
[Result "1/2-1/2"]
[WhiteElo "2384"]
[BlackElo "2430"]
[PlyCount "111"]
[EventDate "2021.??.??"]
[EventType "rapid"]

1. e4 e5 2. Nf3 d5 3. exd5 e4 4. Qe2 f5 5. d3 Qxd5 6. dxe4 fxe4 7. Nc3 Bb4 8.
Bd2 Bxc3 9. Bxc3 Ne7 10. Ne5 Bf5 11. Rd1 Qe6 12. Qb5+ Nbc6 13. Qxb7 Rb8 14.
Qxc7 Rc8 15. Qb7 Rb8 16. Qc7 Rc8 17. Qd6 Qxd6 18. Rxd6 Nxe5 19. Bxe5 Rxc2 20.
Bxg7 Rg8 21. Bc3 Rg6 22. Bb5+ Kf7 23. Bc4+ Be6 24. Rxe6 Rc1+ 25. Kd2 Rxh1 26.
Rxe4+ Ke8 27. Ke2 Rxh2 28. g3 Kd7 29. a4 a6 30. Kf3 h5 31. Bf7 Rh6 32. Rd4+ Rd6
33. Re4 Nd5 34. Be5 Nf6 35. Rf4 Ng4 36. Bxd6 Rxf2+ 37. Ke4 Kxd6 38. Rxf2 Nxf2+
39. Kf3 Nd3 40. Bxh5 Nxb2 41. Be8 Ke7 42. Bc6 Kd6 43. Be8 Ke7 44. Bc6 Kd6 45.
Bb7 a5 46. g4 Nxa4 47. g5 Nc5 48. Bc8 Ke5 49. Ke3 a4 50. Kd2 Ne4+ 51. Kc2 Nxg5
52. Kb2 Kd4 53. Ka3 Ne6 54. Kxa4 Nc5+ 55. Kb5 Nd7 56. Bxd7 {Normal} 1/2-1/2

[Event "Rated Blitz game"]
[Site "?"]
[Date "2021.05.18"]
[Round "?"]
[White "MRMANiA"]
[Black "oJoNTANGc0"]
[Result "1-0"]
[WhiteElo "2444"]
[BlackElo "2445"]
[PlyCount "91"]
[EventDate "2021.??.??"]
[EventType "blitz"]

1. e4 e5 2. Nf3 d5 3. exd5 e4 4. Qe2 Nf6 5. d3 Qxd5 6. Nc3 Bb4 7. dxe4 Qxe4 8.
Bd2 Qxe2+ 9. Bxe2 Nc6 10. O-O-O O-O 11. Bf4 Bxc3 12. bxc3 Ne4 13. Rhf1 Nxc3 14.
Rd2 Nxa2+ 15. Kb2 Be6 16. c3 Rfd8 17. Ng5 Bd5 18. Rxd5 Rxd5 19. Kxa2 Ne5 20.
Nf3 Ng6 21. Be3 c5 22. Kb3 b6 23. Bb5 Rad8 24. Ra1 a5 25. h4 h6 26. Bc4 Rd1 27.
Ra2 Kf8 28. h5 Ne7 29. Ka4 Nd5 30. Bxd5 R8xd5 31. Kb5 Rd6 32. Ne5 Rb1+ 33. Kc4
Re6 34. Nf3 Ke7 35. Rd2 g6 36. hxg6 Rxg6 37. g3 Rf6 38. Ne5 Re6 39. Bf4 f6 40.
Ng6+ Kf7 41. Nh4 h5 42. Nf5 Kg6 43. Ne3 a4 44. Ra2 Re4+ 45. Kd5 Re8 46. Rxa4 {
Time forfeit} 1-0

[Event "Rated Blitz game"]
[Site "?"]
[Date "2021.05.18"]
[Round "?"]
[White "MityshevS"]
[Black "khalid_ontawar"]
[Result "1-0"]
[WhiteElo "2379"]
[BlackElo "2456"]
[PlyCount "107"]
[EventDate "2021.??.??"]
[EventType "blitz"]

1. e4 e5 2. Nf3 d5 3. Nc3 dxe4 4. Nxe4 f5 5. Nc3 e4 6. Ne5 Be6 7. d4 Nf6 8. Bg5
Nbd7 9. Qd2 Be7 10. O-O-O O-O 11. Nxd7 Qxd7 12. d5 Bf7 13. Bb5 Qd6 14. Bf4 Qd8
15. h3 Bd6 16. g4 a6 17. Bc4 b5 18. Bb3 b4 19. Na4 fxg4 20. hxg4 Nxg4 21. Bxd6
Qxd6 22. Qg5 Qg6 23. Qh4 h5 24. Kb1 Rad8 25. Nc5 a5 26. Ne6 Bxe6 27. dxe6 Rxd1+
28. Rxd1 Kh7 29. e7 Re8 30. Rd8 Nf6 31. a3 Rxe7 32. Bg8+ Nxg8 33. Rxg8 Kxg8 34.
Qxe7 bxa3 35. Qxa3 h4 36. Ka2 Qe6+ 37. b3 h3 38. Qxa5 h2 39. Qh5 Qd6 40. Qh3 e3
41. fxe3 Qa6+ 42. Kb2 Qf6+ 43. c3 Qf2+ 44. Ka3 Qg1 45. Qe6+ Kh7 46. Qe4+ Kh8
47. Qe8+ Kh7 48. Qh5+ Kg8 49. Qd5+ Kh7 50. Qe4+ g6 51. Qe7+ Kh6 52. Qf8+ Kh5
53. Qh8+ Kg4 54. Qe5 {Time forfeit} 1-0

[Event "Rated Blitz game"]
[Site "?"]
[Date "2021.05.18"]
[Round "?"]
[White "SateliteLag"]
[Black "anjaya01"]
[Result "0-1"]
[WhiteElo "2428"]
[BlackElo "2416"]
[PlyCount "66"]
[EventDate "2021.??.??"]
[EventType "blitz"]

1. e4 e5 2. Nf3 d5 3. d4 Bd6 4. dxe5 dxe4 5. exd6 exf3 6. Qxf3 Qxd6 7. Nc3 c6
8. Bf4 Qd4 9. Be3 Qd7 10. Bd3 Nf6 11. O-O-O Qg4 12. Qxg4 Bxg4 13. f3 Bh5 14.
Bc5 Nbd7 15. Rhe1+ Kd8 16. Bf5 Re8 17. Bd6 Bg6 18. Bh3 b5 19. Ne2 Kc8 20. Nd4
Rxe1 21. Rxe1 Kb7 22. Re7 Rd8 23. Nb3 Kb6 24. Bb4 Re8 25. Rxd7 Nxd7 26. Bxd7
Re2 27. Bh3 Rxc2+ 28. Kd1 Rxb2 29. Bc5+ Kb7 30. Bd4 Rxa2 31. Bxg7 a5 32. f4
Bc2+ 33. Kc1 Bxb3 {Normal} 0-1

[Event "Rated Blitz game"]
[Site "?"]
[Date "2021.05.18"]
[Round "?"]
[White "hima_saber80"]
[Black "anjaya01"]
[Result "1-0"]
[WhiteElo "2440"]
[BlackElo "2467"]
[PlyCount "27"]
[EventDate "2021.??.??"]
[EventType "blitz"]

1. e4 e5 2. Nf3 d5 3. Nxe5 Bd6 4. d4 dxe4 5. Bc4 Bxe5 6. Qh5 Qxd4 7. Qxf7+ Kd8
8. Nc3 Bd6 9. Bg5+ Ne7 10. Bxe7+ Bxe7 11. Rd1 Qxd1+ 12. Kxd1 Bg4+ 13. Kc1 Nc6
14. Qxg7 {Normal} 1-0

[Event "Rated Blitz game"]
[Site "?"]
[Date "2021.05.18"]
[Round "?"]
[White "minbayev_b"]
[Black "anjaya01"]
[Result "1-0"]
[WhiteElo "2383"]
[BlackElo "2425"]
[PlyCount "42"]
[EventDate "2021.??.??"]
[EventType "blitz"]

1. e4 e5 2. Nf3 d5 3. Nc3 Bd6 4. Nxd5 f5 5. d3 Nf6 6. Bg5 h6 7. Nxf6+ gxf6 8.
Bh4 c5 9. Nd2 h5 10. Nc4 Nc6 11. Ne3 f4 12. Nd5 Rh6 13. Be2 Be6 14. Bxh5+ Kd7
15. g3 Qh8 16. Bg4 Rxh4 17. Bxe6+ Kxe6 18. gxh4 Qxh4 19. Rg1 Qxh2 20. Qg4+ Kf7
21. Qg6+ Ke6 {Normal} 1-0

[Event "Rated Rapid game"]
[Site "?"]
[Date "2021.05.18"]
[Round "?"]
[White "xje"]
[Black "Delyvj"]
[Result "0-1"]
[WhiteElo "2320"]
[BlackElo "2462"]
[PlyCount "36"]
[EventDate "2021.??.??"]
[EventType "rapid"]

1. e4 e5 2. Nf3 d5 3. exd5 e4 4. Qe2 f5 5. c4 Ne7 6. Ne5 c6 7. dxc6 Nbxc6 8.
Nxc6 Nxc6 9. Nc3 Nb4 10. Qd1 Bc5 11. Be2 Be6 12. O-O O-O 13. a3 Nd3 14. b4 Bd4
15. Bxd3 exd3 16. c5 Qg5 17. Qf3 Rad8 18. Bb2 Qxd2 {Normal} 0-1

[Event "Rated Rapid game"]
[Site "?"]
[Date "2021.05.18"]
[Round "?"]
[White "pleaseteachme1128"]
[Black "Delyvj"]
[Result "0-1"]
[WhiteElo "2305"]
[BlackElo "2423"]
[PlyCount "23"]
[EventDate "2021.??.??"]
[EventType "rapid"]

1. e4 e5 2. Nf3 d5 3. Nxe5 dxe4 4. Bc4 Qg5 5. d4 Qxg2 6. Rf1 Nf6 7. Nxf7 Bg4 8.
Qd2 Rg8 9. Ne5 Bh3 10. Bf7+ Ke7 11. Qb4+ Kd8 12. Qb5 {Normal} 0-1

[Event "Rated Blitz game"]
[Site "?"]
[Date "2021.05.18"]
[Round "?"]
[White "Ecclesiastes_Gamer"]
[Black "annaly1979"]
[Result "1-0"]
[WhiteElo "2402"]
[BlackElo "2388"]
[PlyCount "97"]
[EventDate "2021.??.??"]
[EventType "blitz"]

1. e4 e5 2. Nf3 d5 3. Nxe5 Qe7 4. d4 f6 5. Nd3 Nc6 6. c3 Bf5 7. Be2 Bxe4 8. O-O
Qf7 9. Re1 O-O-O 10. Nd2 Bd6 11. Nxe4 dxe4 12. Nf4 Nge7 13. Qa4 Kb8 14. Bc4 Qe8
15. Ne6 Rc8 16. Bf4 Bxf4 17. Nxf4 Nf5 18. Bd5 Nd6 19. Bxc6 Qxc6 20. Qxc6 bxc6
21. b3 f5 22. c4 g5 23. Ne6 h6 24. Nc5 Rce8 25. Rad1 f4 26. Nd7+ Kc8 27. Ne5 c5
28. dxc5 Rxe5 29. cxd6 cxd6 30. Rxd6 Rhe8 31. Rxh6 f3 32. gxf3 exf3 33. Rxe5
Rxe5 34. h3 Re2 35. Rf6 Rxa2 36. Rxf3 Rb2 37. Kg2 a5 38. Kg3 Kc7 39. Kg4 Ra2
40. Kxg5 Kb6 41. h4 Ra3 42. h5 a4 43. Rf6+ Kc5 44. bxa4 Rxa4 45. Rf5+ Kc6 46.
c5 Ra1 47. h6 Rh1 48. Kg6 Rg1+ 49. Rg5 {Normal} 1-0